Name Every SMBZ Character - Statistics

General Stats
  • This quiz has been taken 10 times
  • The average score is 37 of 72
Answer Stats
Hint Answer % Correct
2 Luigi
100%
1 Mario
100%
28 Bowser
83%
6 Princess Peach
83%
10 Waluigi
83%
9 Wario
83%
3 Yoshi
83%
45 Amy
67%
21 Axem Black
67%
22 Axem Green
67%
24 Axem Pink
67%
20 Axem Red
67%
23 Axem Yellow
67%
33 Bowser Jr.
67%
47 Cheese
67%
46 Cream
67%
29 Dr. Eggman
67%
11 Goombella
67%
44 Knuckles
67%
12 Kolorado
67%
30 Mecha Mario
67%
14 Mecha Sonic
67%
15 Metallix
67%
13 Metal Sonic
67%
50 Omega-123
67%
42 Rawk Hawk
67%
49 Rouge
67%
5 Shadow
67%
4 Sonic
67%
8 Stuffwell
67%
43 Tails
67%
41 Toadsworth
67%
17 Black Koopa Bro
50%
25 Chief Yoshi
50%
18 Green Koopa Bro
50%
31 Kamek
50%
32 Kamella
50%
35 Larry
50%
34 Lemmy
50%
40 Ludwig
50%
53 Queen Pesca VIII
50%
16 Red Koopa Bro
50%
26 Thunderfoot
50%
37 Wendy
50%
19 Yellow Koopa Bro
50%
54 Bauzire Koopa
33%
68 Birdo
33%
65 Goomboss
33%
55 Hal
33%
36 Iggy
33%
56 Jeff
33%
60 Jr. Troopa
33%
61 Koops
33%
58 Lakilarry
33%
57 Lakitu King
33%
72 Link
33%
66 Mallow
33%
39 Morton
33%
63 Prince Peasley
33%
7 Professor E. Gadd
33%
27 Professor Frankly
33%
38 Roy
33%
51 Smithy
33%
64 Vivian
33%
62 Yoshi Kid
33%
52 Basilisx
17%
67 Il Piantissimo
17%
59 Lady Bow
17%
48 Maria Robotnik
17%
70 Pennington
17%
71 Shady Koopa
17%
69 Whacka
17%
No matching quizzes found
Score Distribution
Percent of People with Each Score
Percentile by Number Answered
Your Score History
You have not taken this quiz